000 00302nam a22001337a 4500
008 170925b xxu||||| |||| 00| 0 eng d
020 _a9780130888952
041 _aeng
080 _a37
100 _a46
101 _aEDU
245 _aCREATING INCLUSIVE CLASSROOMS
_cSALEND.S.J
942 _2udc
_cBK
999 _c29727
_d29727